| 000 | 01271cam a2200325 4500 | ||
|---|---|---|---|
| 001 | M83089 | ||
| 008 | 090401t1997 xxu||||| |||| 00| 0 eng d | ||
| 020 | _a1898521018 | ||
| 035 | _a(Sirsi) u77457 | ||
| 041 | _aeng | ||
| 050 | _a344.410465 | ||
| 110 |
_aCamden Consultancy _93469 |
||
| 245 | _aWindow on CDM : contributions from informed practitioners, HSE staff and providers of the next generation of guidance. | ||
| 260 |
_bCamden Consultancy _c1997 |
||
| 300 | _a51p. : ill. ; 30cm. | ||
| 350 | _a14.5 | ||
| 520 | _aBased on seminar proceedings, this work aims to provide a broad overview on the application of CDM. It covers such topics as the effect of CDM on design, risk, planning supervision and the views of the construction industry on CDM. | ||
| 650 | _aBUILT ENVIRONMENT-CONSTRUCTION DESIGN | ||
| 650 | _aCONSTRUCTION (DESIGN AND MANAGEMENT) REGULATIONS 1994 | ||
| 650 | _aCONDAM REGULATIONS 1994 | ||
| 650 | _aCONSTRUCTION (DESIGN AND MANAGEMENT) REGULATIONS 1994 | ||
| 650 | _aCONSTRUCTION INDUSTRY | ||
| 650 | _aHEALTH AND SAFETY FILE | ||
| 650 | _aHEALTH AND SAFETY PLAN | ||
| 650 | _aPLANNING SUPERVISORS | ||
| 650 | _aRISK MANAGEMENT | ||
| 690 | _aBUILT ENVIRONMENT-BUILDING STANDARDS | ||
| 942 | _n0 | ||
| 948 | _c27/03/1997 | ||
| 999 |
_c96314 _d96314 |
||